000 03679cam a22012974i 4500
003 PE-LiUPU
005 20250813185607.0
008 150706s2010 mx a rb 000 0 spa d
020 _a9786074812466
035 _a(Sirsi) i9786074812466
040 _aPE-LiUPU
_bspa
_cPE-LiUPU
_erda
049 _aPRUA
082 0 4 _a302
_bK24
_221
082 0 4 _a316.6
_bK24 2010
100 1 _aKassin, Saul,
_eautor.
245 1 0 _aPsicología social /
_cSaul Kassin, Steven Fein y Hazel Rose Markus.
250 _a7a edición
264 1 _aMéxico :
_bCengage Learning,
_c2010.
300 _a542 páginas :
_bilustraciones ;
_c27 centímetros.
336 _atext
_2rdacontent
337 _aunmediated
_2rdamedia
338 _avolume
_2rdacarrier
504 _aBibliografía : página R1-R81.
505 0 _aLa investigación en psicología social -- El 'Yo social' -- Los procesos de la percepción -- Estereotipos, prejuicios y discriminación -- Actitudes -- Conformidad -- Procesos grupales -- Atracción y relaciones estrechas -- porqué ayudamos a los demás -- Agresión -- Derecho -- Negocios -- Salud.
526 _aP202
526 _aP201
526 _aP163
526 _aP162
526 _aP161
526 _aP160
526 _aP148
526 _aP147
526 _aP146
526 _aP145
526 _aP144
526 _aP143
526 _aP142
526 _aP141
526 _aP140
526 _aP139
526 _aP138
526 _aP137
526 _aP136
526 _aP135
526 _aP134
526 _aP133
526 _aP129
526 _aP128
526 _aP127
526 _aP120
526 _aP119
526 _aP118
526 _aP116
526 _aP115
526 _aP114
526 _aP110
526 _aP109
526 _aP108
526 _aP104
526 _aP103
526 _aP102
526 _aP99
526 _aP98
526 _aP97
526 _aP96
526 _aP95
526 _aP93
526 _aP90
526 _aP89
526 _aP88
526 _aP83
526 _aP82
526 _aP62
526 _aP59
526 _aP58
526 _aP57
526 _aP51
526 _aP49
526 _aP48
526 _aP47
526 _aP29
526 _aP24
526 _aP20
526 _aP19
526 _aP17
526 _aP15
526 _aP14
526 _aP12
526 _aP10
526 _aP09
526 _aP08
526 _aP07
526 _aP06
526 _aP05
526 _aP04
526 _aP01
541 _g001-003364;
650 0 4 _aPsicología social
_vLibros de texto.
700 1 _aFein, Steven,
_eautor.
700 1 _aMarkus, Haze Rose,
_eautor.
910 _agl20110907
910 _btqv
_cwelc
_d20160825
942 _2ddc
_cBOOK
949 _a302 K24
_wDEWEY
_c1
_i63631
_lCCODEBUL1
_mBUL
_p59.00
_r0
_sY
_tBOOK
_u2015-7-6
_xSALUD
_PP33
_o.STAFF. Colección General
949 _a316.6 K24 2010
_wDEWEY
_c1
_iFJ01546
_lCCODEBUJ1
_mBUJ
_p59.00
_r0
_sY
_tBOOK
_u2016-08-25
_xSALUD
_PP33
_0COMPRA
_o.STAFF. Colección General Juliaca
994 _aC0
_bPEPRU
596 _a1 3
999 _a302 K24
_wDEWEY
_c52541
_i63631
_d52541
_e2019-10-21
_f2019-2-20
_g3
_lCCODEBUL1
_mBUL
_n50
_p59.00
_q15
_r0
_sY
_tBOOK
_u2015-7-6
_xSALUD
_PP33
_0COMPRA
_o.STAFF. Colección General
999 _a316.6 K24 2010
_wDEWEY
_c1
_iFJ01546
_d2019-8-23
_e2018-4-12
_f2022-1-18
_g4
_lCCODEBUJ1
_mBUJ
_n14
_p59.00
_q26
_r1
_sY
_tBOOK
_u2015-12-9
_xSALUD
_PP33
_0COMPRA
_o.STAFF. Colección General Juliaca
980 _81
_gALBERTO SANCHEZ Responsable de Automatización